|
|
|
|
| LEADER |
00000nab a2200000 a 4500 |
| 001 |
vtls000804169 |
| 003 |
SK-MaSNL |
| 005 |
20260304171918.0 |
| 008 |
250429c1999 xo 0 slo |
| 015 |
|
|
|a SNBRB2002/09-26913
|
| 035 |
|
|
|a CLN000155824
|
| 035 |
|
|
|a urn:nbn:sk:snk-abocr
|
| 035 |
|
|
|a (urnnbn)urn:nbn:sk:snk:ar-a05txr
|
| 035 |
|
|
|a (uuid)531d8aa9-0917-4b7d-8db6-fb2b26dde1cd
|
| 040 |
|
|
|a SNKBUCL
|b slo
|c SNKBUCL
|e AACR2
|
| 041 |
0 |
|
|a slo
|
| 044 |
|
|
|a xo
|c SK
|
| 080 |
|
|
|a 616.12-008.331.4-053.31:061.3
|2 1997
|
| 100 |
1 |
|
|a Lyon, A.
|4 aut
|9 1500899
|
| 245 |
1 |
0 |
|a Udržiavanie cirkulácie
|c A. Lyon
|
| 246 |
1 |
1 |
|a Maintenance of the circulation
|
| 300 |
|
|
|b Obr., tab.
|
| 504 |
|
|
|a Res. angl.
|
| 650 |
0 |
7 |
|a kongresy
|2 snkbucl
|9 19200
|
| 650 |
0 |
7 |
|a krvný obeh
|2 snkbucl
|9 2511
|
| 650 |
0 |
7 |
|a intenzívna starostlivosť o novorodenca
|2 snkbucl
|9 108879
|
| 650 |
0 |
7 |
|a novorodenec
|2 snkbucl
|9 674394
|
| 655 |
|
7 |
|a články z novín a časopisov
|2 snkbucl
|9 267496
|
| 711 |
1 |
|
|a Neonatologické sympózium
|d (1999 :
|c Nové Zámky, Slovensko)
|4 aut
|9 111296
|
| 773 |
0 |
|
|t Neonatologické zvesti
|g Roč. 3, č. 2 (1999), s. 151-159
|x 1335-2504
|
| 850 |
|
|
|a Slovenská národná knižnica
|
| 852 |
|
|
|a Slovenská národná knižnica
|
| 954 |
|
|
|a odborná, vedecká literatúra pôvodná (slovenská)
|2 lita
|
| 958 |
|
|
|a article27
|
| 958 |
|
|
|a MI
|
| 958 |
|
|
|a OND
|
| 958 |
|
|
|a EUIPO
|
| 999 |
|
|
|c 2995521
|d 2997451
|